| 000 | 01781nam a2200481 i 4500 | ||
|---|---|---|---|
| 001 | 29380 | ||
| 003 | KOSZ 005 | ||
| 005 | 20200810112020.0 | ||
| 008 | 970513s1990 pl a f |000 0 pol | ||
| 015 | _aPB 1992/765 | ||
| 040 |
_aWA N _cWA N _dKOSZ 005/HR |
||
| 046 | _k1990 | ||
| 080 | _a631.56 | ||
| 080 | _a633.4 | ||
| 080 | _a628.8-52 | ||
| 100 | 1 |
_aWachowicz, Ewa _eAutor |
|
| 245 | 1 | 0 |
_aSterowanie pracą urządzeń wentylacji i klimatyzacji w przechowalniach ziemniaków / _cEwa Wachowicz. |
| 260 |
_aKoszalin : _bWydaw. Uczelniane WSI, _c1990. |
||
| 300 |
_a231 s. : _brys., wykr. ; _c23 cm. |
||
| 336 |
_2rdacontent _aTekst _btxt |
||
| 337 |
_2rdamedia _aBez urządzenia pośredniczącego _bn |
||
| 338 |
_2rdacarrier _aWolumin _bnc |
||
| 380 | _aKsiążki | ||
| 380 | _aPublikacje naukowe | ||
| 388 | _a1901-2000 | ||
| 388 | _a1989-2000 | ||
| 490 | 1 |
_aMonografie / Wyższa Szkoła Inżynierska w Koszalinie, _x0239-7129 ; _v34. |
|
| 500 | _aNa s. red. : Monografia Wydziału Mechanicznego. | ||
| 504 | _aBibliogr. s. 222-231. | ||
| 650 | 4 | _aKlimatyzacja | |
| 650 | 4 | _aWentylacja | |
| 650 | 4 | _aMagazyn | |
| 650 | 4 | _aUrządzenia | |
| 650 | 4 | _aObsługa i eksploatacja | |
| 650 | 4 | _aZiemniaki | |
| 650 | 4 | _aMagazynowanie | |
| 658 | _aRolnictwo i leśnictwo | ||
| 710 | 2 |
_aWydawnictwo Uczelniane (Wyższa Szkoła Inżynierska ; Koszalin) _4pbl. |
|
| 830 | 0 |
_aMonografie - Wyższa Szkoła Inżynierska, Koszalin _v34 |
|
| 856 |
_uhttp://dlibra.tu.koszalin.pl/dlibra/docmetadata?id=377&from=&dirids=1&ver_id=&lp=1&QI= _yBiblioteka Cyfrowa |
||
| 856 |
_uhttp://koha.tu.koszalin.pl/cgi-bin/koha/opac-detail.pl?biblionumber=29380 _yKatalog online BPK |
||
| 942 |
_2UKD _cKS |
||
| 999 |
_c29380 _d29380 |
||